<?xml version="1.0" encoding="UTF-8"?>
<marc:record xmlns:marc="http://www.loc.gov/MARC21/slim">
   <marc:leader>00000nam a2200000 a 4500</marc:leader>
   <marc:datafield ind1="1" ind2=" " tag="100">
      <marc:subfield code="a">Eggs, Georg Joseph ¬von¬</marc:subfield>
      <marc:subfield code="4">aut</marc:subfield>
      <marc:subfield code="e">Verfasser/-in</marc:subfield>
   </marc:datafield>
   <marc:datafield ind1=" " ind2=" " tag="653">
      <marc:subfield code="a">s||Papst</marc:subfield>
   </marc:datafield>
   <marc:datafield ind1=" " ind2=" " tag="653">
      <marc:subfield code="a">Geschichte Anfänge-1717</marc:subfield>
   </marc:datafield>
   <marc:datafield ind1="0" ind2="0" tag="245">
      <marc:subfield code="a">Pontificium doctum, seu vitae, res gestae, obitus aliaque scitu ac memoratu digna summorum pontificum Romanorum</marc:subfield>
   </marc:datafield>
   <marc:datafield ind1="0" ind2="0" tag="245">
      <marc:subfield code="b">eorum praecipue, qui ingenio, doctrina, eruditione, scriptis, libris editis, &amp; lucubrationibus quibuscunque ab initio nascentis ecclesiae, id est a S. Petro apostolo ... usque ad Clementem XI. ... inclaruere ; Desumtum ex variis, iisque probatissimis, vet</marc:subfield>
   </marc:datafield>
   <marc:datafield ind1="0" ind2="0" tag="245">
      <marc:subfield code="c">In unum volumen cum uberrimis notis marginalibus, &amp; quatuor indicibus locupletißimis personarum ac rerum digestum ac in lucem editum per Georgium Jospehum ab Eggs, S.S.T.D.</marc:subfield>
   </marc:datafield>
   <marc:datafield ind1=" " ind2="1" tag="264">
      <marc:subfield code="a">Coloniae</marc:subfield>
      <marc:subfield code="b">David Ritter</marc:subfield>
      <marc:subfield code="c">1718</marc:subfield>
   </marc:datafield>
   <marc:datafield ind1=" " ind2=" " tag="300">
      <marc:subfield code="a">[10] Bl., 941 S., [18] Bl.; 32 cm</marc:subfield>
   </marc:datafield>
</marc:record>
